000 00299nam a22001337a 4500
008 170404b xxu||||| |||| 00| 0 eng d
020 _a0716710039
041 _aeng
080 _a574
100 _a9
101 _aSHM
245 _aINTRODUCTION TO GROUNDWATER MODELING
_cWANG, H.F
942 _2udc
_cBK
999 _c9625
_d9625